| 000 | 01164cam a2200325 a 4500 | ||
|---|---|---|---|
| 001 | 9444713 | ||
| 003 | ARRUPE | ||
| 005 | 20131203170746.0 | ||
| 006 | m u | ||
| 007 | cr cn||||||||| | ||
| 008 | 110926s2009 enk sb 000 0 eng d | ||
| 020 | _z9780232527629 | ||
| 020 | _z9780232528091 (e-book) | ||
| 035 | _a(CaPaEBR)ebr10492442 | ||
| 035 | _a(NNC)9444713 | ||
| 040 |
_aCaPaEBR _cCaPaEBR |
||
| 050 | 1 | 4 |
_aBR145.2 _bB735 2009 |
| 100 | 1 |
_aBorlase, Craig. _94832 |
|
| 245 | 1 | 0 |
_a2159 AD _h[electronic resource] : _ba history of Christianity / _cCraig Borlase. |
| 260 |
_aLondon : _bDarton, Longman and Todd, _c2009. |
||
| 300 |
_a1 v. (unpaged) _b255p.; _c18cm. |
||
| 504 | _aIncludes bibliographical references. | ||
| 533 |
_aElectronic reproduction. _bPalo Alto, Calif. : _cebrary, _d2011. _nAvailable via World Wide Web. _nAccess may be limited to ebrary affiliated libraries. |
||
| 650 | 0 |
_aChurch history. _94833 |
|
| 655 | 7 |
_aElectronic books. _2local _94834 |
|
| 710 | 2 |
_aebrary, Inc. _94835 |
|
| 856 | 4 | 0 |
_uhttp://www.columbia.edu/cgi-bin/cul/resolve?clio9444713 _zClick here for full text. |
| 942 |
_2lcc _cMONOGRAPH |
||
| 999 |
_c118988 _d118988 |
||